000 00484nam a2200181Ia 4500
003 GCL
008 140319s9999 xx 000 0 eng d
040 _aGCL /
_cGCL
082 0 4 _a671.092
_bK P
100 1 _aKUMAR, SURENDER
245 1 0 _aPRINCIPLES OF METAL WORKING /
_cKUMAR, SURENDER
260 _a[S.N] :
_bOXFORD & IBH PUBLISHING CO.PVT. LTD. ،
_c1991
300 _a348 P
650 0 4 _aMECHANICS ENGINEERING
650 0 4 _aMETALS
650 0 4 _aMETALLURGY
942 _2ddc
_cBK
999 _c20374
_d20374